Statistics for Bones in body

Click here to take the quiz!

General Stats

  • This quiz has been taken 8 times
  • The average score is 13 of 25

Answer Stats

Answer% Correct
femur
100%
cranium
86%
radius
86%
tibia
86%
ulna
86%
clavicle
71%
metatarsal
71%
patella
71%
sternum
71%
fibia
57%
mandible
57%
phalanges
57%
scapula
57%
carpal
43%
humerous
43%
metacarpal
43%
pelvis
43%
ribs
43%
tarsal
43%
calcaneus
14%
cervical vertabrae
14%
coccyx
14%
lumbar vertabrae
14%
sacrum
14%
thoaric vertabrae
14%

Score Distribution

Percentile by Number Answered

Percent of People with Each Score

Your Score History

You have not taken this quiz